Star Wars Planets and Moons by Movie - Episode III - Statistics

General Stats
  • This quiz has been taken 124 times
    118 since last reset
  • The average score is 7 of 12
Answer Stats
Answer % Correct
Mustafar
95%
Coruscant
89%
Tatooine
80%
Naboo
75%
Utapau
74%
Felucia
59%
Kashyyyk
59%
Alderaan
55%
Mygeeto
51%
Polis Massa
46%
Cato Neimoidia
34%
Saleucami
31%
No matching quizzes found
Score Distribution
Percent of People with Each Score
Percentile by Number Answered
Your Score History
You have not taken this quiz since the last reset